000 01200nam a22002777a 4500
003 OSt
005 20250926155104.0
008 250926t |||a|||| |||| 00| 0 spa d
020 _a9786287754379
037 _bDonación
040 _aCO-JMCR
_bspa
_cCO-JMCR
_dCO-JMCR
_erda
041 0 0 _aspa
082 0 4 _223
_aC
_bDACc
100 1 _aDa Coll, Ivar,
_d1962-
_eautor.
_92901
245 1 0 _aCarlos /
_cIvar Da Coll.
250 _aPrimera edición
264 _aBogotá :
_bMacMillan,
_c2024.
300 _a[42 páginas] :
_bIlustraciones ;
_c22 cm.
520 _aCarlos disfruta mucho el tiempo que pasa en casa con sus papás y con su abuela, para quienes él siempre es la prioridad. Sin embargo, la atención de la familia cambia de enfoque cuando la mamá anuncia que viene un hermanito en camino. Una historia sobre cómo el amor ayuda a entender los cambios que trae la vida.
650 2 4 _2JMCR
_aCuentos infantiles colombianos
_ySiglo XXI
_914019
650 2 4 _2JMCR
_aLiteratura infantil colombiana
_ySiglo XXI
_944353
650 2 4 _2JMCR
_aFamilia en la literatura
_9591
650 2 4 _2JMCR
_aEmbarazo en la literatura
_944354
650 2 4 _2JMCR
_aEmociones en la literatura
_9610
942 _2ddc
_cBK
999 _c31091
_d17475